00684nam a2200193 a 450000100100000000500170001000800410002702000150006804000250008308200080010810000280011624000390014424500850018326000340026830000280030270000350033095201080036599900170047300003981220201002033740.0130723s1995 sp a 000 0 spa d a8449306930 aDO-SdBNPbspacBNPHU axxx1 aBono, Edward, de96600810aTeach yourself to thinklespañol10aAprende a pensar por ti mismo /cEdward de Bono ; traducción Alicia Sánchez. aBarcelona :bPaidós,c1995. a214 p. :bil. ;c21 cm.1 aSánchez, Alicia,etr.947207 001050718MOaGRbGRcCTd2013-07-23iLF1l0oxxx p39812-10r2020-06-25w2020-06-25y1ZNo se presta c39302d39302